DEWHURST'S TEXT BOOK OF OBSTERICS & GYNAECOLOGY (Record no. 18541)
[ view plain ]
| 000 -LEADER | |
|---|---|
| fixed length control field | 00312nam a22001337a 4500 |
| 003 - CONTROL NUMBER IDENTIFIER | |
| control field | SGT |
| 082 ## - DEWEY DECIMAL CLASSIFICATION NUMBER | |
| Classification number | 618.2 |
| Item number | D12E |
| 100 ## - MAIN ENTRY--PERSONAL NAME | |
| Personal name | EDMONDS,D.KEITH |
| 245 ## - TITLE STATEMENT | |
| Title | DEWHURST'S TEXT BOOK OF OBSTERICS & GYNAECOLOGY |
| 260 ## - PUBLICATION, DISTRIBUTION, ETC. (IMPRINT) | |
| Place of publication, distribution, etc | U.K |
| Name of publisher, distributor, etc | WILEW BLACK WELL |
| Year of Publication | 2012 |
| 300 ## - PAGE DESCRIPTION | |
| No. of Pages | 852 |
| 650 ## - SUBJECT ADDED ENTRY--TOPICAL TERM | |
| Topical term or geographic name as entry element | HOMOEOPATHIC |
| 942 ## - ADDED ENTRY ELEMENTS (KOHA) | |
| Source of classification or shelving scheme | Dewey Decimal Classification |
| Koha item type | Books |
| Withdrawn status | Lost status | Source of classification or shelving scheme | Damaged status | Not for loan | Home library | Current library | Shelving location | Date acquired | Vendor Name | SGTU | Bill Number | Total Checkouts | Full call number | Accession No. (Barcode) | Date last seen | Bill Date | Koha item type |
|---|---|---|---|---|---|---|---|---|---|---|---|---|---|---|---|---|---|
| Dewey Decimal Classification | Homeopathy Library | Homeopathy Library | Reference Book | 19/07/2019 | ABC PUB | SGTU | 7136 | 618.2 D12E | FH746 | 19/07/2019 | 09/08/2016 | Books | |||||
| Dewey Decimal Classification | Homeopathy Library | Homeopathy Library | Reference Book | 19/07/2019 | ABC PUB | SGTU | 7136 | 618.2 D12E | FH747 | 19/07/2019 | 09/08/2016 | Books | |||||
| Dewey Decimal Classification | Homeopathy Library | Homeopathy Library | Reference Book | 19/07/2019 | ABC PUB | SGTU | 7136 | 618.2 D12E | FH748 | 19/07/2019 | 09/08/2016 | Books | |||||
| Dewey Decimal Classification | Homeopathy Library | Homeopathy Library | Reference Book | 19/07/2019 | ABC PUB | SGTU | 7136 | 618.2 D12E | FH749 | 19/07/2019 | 09/08/2016 | Books | |||||
| Dewey Decimal Classification | Homeopathy Library | Homeopathy Library | Reference Book | 19/07/2019 | ABC PUB | SGTU | 7136 | 618.2 D12E | FH750 | 19/07/2019 | 09/08/2016 | Books |